| 000 | 00767nam a2200217 a 4500 | ||
|---|---|---|---|
| 001 | 22758 | ||
| 003 | CO-ViMGA | ||
| 008 | 141112s2004 ck r 000 u spa d | ||
| 020 | _a9588060079 | ||
| 040 |
_aCO-ViMGA _bspa _cCO-ViMGA |
||
| 082 | 0 | 4 | _aMEVIECAR.6425 R653 |
| 100 | 1 |
_aRomero Monje, Fabio _932490 |
|
| 245 | 1 | 0 |
_aAutoCad : _bversion 14 : _bFundamentos de 2D |
| 260 |
_aColombia : _bEscuela Colombiana de Ingenieria |
||
| 300 | _a157p. | ||
| 505 | _aConceptos basicos, Geometria de precision, Juastificacion de texto, Impresion, Dimensionamiento, Construcion de bloques | ||
| 650 | 1 | 4 |
_aAuto Cad14 (PROGRAMAS PARA COMPUTADOR) _932491 |
| 650 | 1 | 4 |
_aDISEÑO CON AYUDA DE COMPUTADORS _932492 |
| 650 | 1 | 4 |
_aGRAFICAS POR COMPUTADOR _932493 |
| 942 |
_2ddc _cBK |
||
| 999 |
_c31056 _d31056 |
||